Villes franciliennes les plus peuplées par académie - Statistiques

Statistiques générales
  • Ce quiz a été pris 98 fois
    69 depuis la dernière actualisation
  • Le résultat moyen est 15 sur 21
Statistiques - réponses
Réponse % Correct
Paris
100%
Versailles
96%
Créteil
92%
Nanterre
88%
Montreuil
87%
Saint-Denis
87%
Argenteuil
77%
Boulogne-Billancourt
77%
Aubervilliers
73%
Aulnay-sous-Bois
73%
Vitry-sur-Seine
69%
Drancy
62%
Colombes
60%
Évry-Courcouronnes
58%
Issy-les-Moulineaux
58%
Asnières-sur-Seine
56%
Courbevoie
56%
Rueil-Malmaison
52%
Saint-Maur-des-Fossés
52%
Champigny-sur-Marne
50%
Noisy-le-Grand
44%
Aucun quiz correspondant
Distribution des résultats
% des personnes avec chaque résultat
Percentile par nombre de réponses
Votre historique - résultats
Vous n’avez pas pris ce quiz depuis la dernière actualisation